Word Creation Puzzle - Statistics

General Stats
  • This quiz has been taken 2,010 times
  • The average score is 15 of 36
Answer Stats
Answer % Correct
Came
84%
Some
73%
Come
70%
Chin
65%
Pawn
65%
Tray
64%
Same
59%
Shay
57%
Tome
57%
Pray
55%
Than
54%
Tame
52%
Shin
51%
Coal
50%
Cowl
50%
Thin
46%
Chay
44%
Town
40%
Pain
39%
Cain
37%
Sown
36%
Pail
35%
Pome
34%
Sawn
33%
Soil
33%
Coil
29%
Tail
27%
Toil
27%
Sail
26%
Coin
25%
Pawl
23%
Cowy
14%
Sain
13%
Tain
11%
Thae
10%
Towy
10%
No matching quizzes found
Score Distribution
Percent of People with Each Score
Percentile by Number Answered
Your Score History
You have not taken this quiz